Κατάλογος Βιβλιοθηκών Mediterranean College

The United States / Life World Library (Record no. 5604)

MARC details
000 -LEADER
fixed length control field 01436cam a22003014a 4500
005 - ΗΜΕΡΟΜΗΝΙΑ ΚΑΙ ΩΡΑ ΤΕΛΕΥΤΑΙΑΣ ΕΝΗΜΕΡΩΣΗΣ
Πεδίο ελέγχου 20250605164217.0
008 - FIXED-LENGTH DATA ELEMENTS--GENERAL INFORMATION
Πεδίο ελέγχου σταθερού μήκους 250528s ||||||||||||||||||||||||d
035 ## - SYSTEM CONTROL NUMBER
System control number 20502
020 ## - ISBN
ISBN 6528278
040 ## - ΠΗΓΗ ΚΑΤΑΛΟΓΟΓΡΑΦΗΣΗΣ
Φορέας πρωτότυπης καταλογογράφησης MC Athens Campus Library
Γλώσσα καταλογογράφησης Ελληνικά, Μοντέρνα (1453-)
Modifying agency MC Athens Campus Library
Κανόνες περιγραφικής καταλογογράφησης AACR2
245 1# - ΤΙΤΛΟΣ ΚΑΙ ΔΗΛΩΣΗ ΥΠΕΥΘΥΝΟΤΗΤΑΣ
Τίτλος The United States / Life World Library
260 ## - PUBLICATION, DISTRIBUTION, ETC.
Name of publisher, distributor, etc. Time Incorporated,
Date of publication, distribution, etc. 1965
300 ## - PHYSICAL DESCRIPTION
Extent 192
505 0# - FORMATTED CONTENTS NOTE
Formatted contents note Introduction, The Practical Idealists, Reinterpreting an Elusive Past, The Enduring Flexibility of a Political System, An Economy Born of Democracy, Forging a Nation's Soul and Conscience, The Busy Search for Leisure, An Optimistic People's Religious Zeal, Education's Growing Dilemma, The Thankless Role of a Great Power, Index.
520 ## - SUMMARY, ETC.
Summary, etc. Introduction, The Practical Idealists, Reinterpreting an Elusive Past, The Enduring Flexibility of a Political System, An Economy Born of Democracy, Forging a Nation's Soul and Conscience, The Busy Search for Leisure, An Optimistic People's Religious Zeal, Education's Growing Dilemma, The Thankless Role of a Great Power, Index.
700 1# - ΠΡΟΣΘΕΤΗ ΑΝΑΓΡΑΦΗ--ΦΥΣΙΚΟ ΠΡΟΣΩΠΟ
Personal name Aron Raymond
9 (RLIN) 6486
700 1# - ΠΡΟΣΘΕΤΗ ΑΝΑΓΡΑΦΗ--ΦΥΣΙΚΟ ΠΡΟΣΩΠΟ
Personal name Clement Alain
9 (RLIN) 6487
700 1# - ΠΡΟΣΘΕΤΗ ΑΝΑΓΡΑΦΗ--ΦΥΣΙΚΟ ΠΡΟΣΩΠΟ
Personal name Cunliffe Marcus
9 (RLIN) 6452
700 1# - ΠΡΟΣΘΕΤΗ ΑΝΑΓΡΑΦΗ--ΦΥΣΙΚΟ ΠΡΟΣΩΠΟ
Personal name O'Donovan Patrick
9 (RLIN) 6488
700 1# - ΠΡΟΣΘΕΤΗ ΑΝΑΓΡΑΦΗ--ΦΥΣΙΚΟ ΠΡΟΣΩΠΟ
Personal name Salvadori Massimo
9 (RLIN) 6489
700 1# - ΠΡΟΣΘΕΤΗ ΑΝΑΓΡΑΦΗ--ΦΥΣΙΚΟ ΠΡΟΣΩΠΟ
Personal name Skard Sigmund
9 (RLIN) 6490
700 1# - ΠΡΟΣΘΕΤΗ ΑΝΑΓΡΑΦΗ--ΦΥΣΙΚΟ ΠΡΟΣΩΠΟ
Personal name Von Borch Herbert
9 (RLIN) 6491
700 1# - ΠΡΟΣΘΕΤΗ ΑΝΑΓΡΑΦΗ--ΦΥΣΙΚΟ ΠΡΟΣΩΠΟ
Personal name Von Zahn Peter
9 (RLIN) 6492
700 1# - ΠΡΟΣΘΕΤΗ ΑΝΑΓΡΑΦΗ--ΦΥΣΙΚΟ ΠΡΟΣΩΠΟ
Personal name Warren Max
9 (RLIN) 6493
942 ## - ADDED ENTRY ELEMENTS (KOHA)
Koha item type Books
Holdings
Τύπος τεκμηρίου Βιβλιοθήκη Τρέχουσα τοποθεσία Barcode Αριθμός εισαγωγής Ημερομηνία απόκτησης Ταξιθετικό σύμβολο Αριθμός αντιτύπου Κατάσταση απόσυρσης Κατάσταση χαμένου Κατάσταση κατεστραμμένου Μη δανεισμός Σύνολο δανεισμών Ημερομηνία τελευταίας εμφάνισης Η τιμή ισχύει από
Books MC Athens Campus Library MC Athens Campus Library 9780000056030 6980 05/06/2025 917.3 LWL 1           05/06/2025 05/06/2025

MC Athens Campus Library
Πατησίων 94 & Κοδριγκτώνος 13, 104 34
Πελλήνης 8 & Πατησίων 107, 112 51
Τ: +30 210 8899600

MC Thessaloniki Campus Library
Ίωνος Δραγούμη 21, 54625 | Ίωνος Δραγούμη 15, 54625
Τ: +30 2310 287779 – Τ: +30 2314 440300